ბათუმის შოთა რუსთაველის სახელმწიფო უნივერსიტეტის ბიბლიოთეკა

Коллоидная химия (ბიბ.ჩანაწერი № 35511)

000 -LEADER
fixed length control field 00659nam a2200241Ia 4500
001 - CONTROL NUMBER
control field 1372
003 - CONTROL NUMBER IDENTIFIER
control field GE_BSU
008 - FIXED-LENGTH DATA ELEMENTS--GENERAL INFORMATION
fixed length control field 181216s||||||||xx |||||||||||||| ||und||
020 ## - INTERNATIONAL STANDARD BOOK NUMBER
International Standard Book Number 9785060059007
040 ## - CATALOGING SOURCE
Transcribing agency GE_BSU
080 ## - UNIVERSAL DECIMAL CLASSIFICATION NUMBER
Universal Decimal Classification number 547(075.8)
100 ## - MAIN ENTRY--PERSONAL NAME
Personal name Щукин,Е.Д. Перцов,А.В. Амелина,Е. А.
245 ## - TITLE STATEMENT
Title Коллоидная химия
245 ## - TITLE STATEMENT
Remainder of title Для студ. вузов по спец. "Химия
260 ## - PUBLICATION, DISTRIBUTION, ETC.
Place of publication, distribution, etc. Москва
260 ## - PUBLICATION, DISTRIBUTION, ETC.
Name of publisher, distributor, etc. Высшая школа
260 ## - PUBLICATION, DISTRIBUTION, ETC.
Date of publication, distribution, etc. 2007
300 ## - PHYSICAL DESCRIPTION
Extent 444стр.
653 ## - INDEX TERM--UNCONTROLLED
Uncontrolled term Коллоидная химия
653 ## - INDEX TERM--UNCONTROLLED
Uncontrolled term Химия
942 ## - ADDED ENTRY ELEMENTS (KOHA)
Koha item type წიგნი
ეგზემპლარები
Withdrawn status Lost status Damaged status Not for loan Date acquired Barcode Date last seen Price effective from Koha item type Public note
        2018-12-17 2480 2018-12-17 2018-12-17 წიგნი საცავი
        2018-12-17 2481 2018-12-17 2018-12-17 წიგნი საცავი
        2018-12-17 2482 2018-12-17 2018-12-17 წიგნი საცავი